Library Banner

Mirzayat ghair muslim aqliyat : apni tehreeron kay ainay mein(مرزایت غیر مسلم اقلیت اپنی تحریروں کے آینے میں) (Record no. 103577)

MARC details
000 -LEADER
fixed length control field 00519nam a22001457a 4500
005 - DATE AND TIME OF LATEST TRANSACTION
control field 20180221110550.0
008 - FIXED-LENGTH DATA ELEMENTS--GENERAL INFORMATION
fixed length control field 180221b xxu||||| |||| 00| 0 eng d
040 ## - CATALOGING SOURCE
Transcribing agency PK-LaUMT
082 ## - DEWEY DECIMAL CLASSIFICATION NUMBER
Classification number ZIAC 297.05
Item number ABD-M
100 ## - MAIN ENTRY--PERSONAL NAME
Personal name Abdul Qadir Azad , Muhammad
245 ## - TITLE STATEMENT
Title Mirzayat ghair muslim aqliyat : apni tehreeron kay ainay mein(مرزایت غیر مسلم اقلیت اپنی تحریروں کے آینے میں)
Statement of responsibility, etc Muhammad Abdul Qadir Azad
260 ## - PUBLICATION, DISTRIBUTION, ETC. (IMPRINT)
Place of publication, distribution, etc لاہور:
Name of publisher, distributor, etc مجلس علما
300 ## - PHYSICAL DESCRIPTION
Extent 32
942 ## - ADDED ENTRY ELEMENTS (KOHA)
Koha item type Books
Holdings
Withdrawn status Lost status Damaged status Home library Current library Date acquired Full call number Barcode Date last seen Price effective from Koha item type
      UMT Main Campus UMT Main Campus 2018-02-21 ZIAC 297.05 ABD-M 119960 2018-02-21 2018-02-21 Books